000 00639nam a2200253Ia 4500
003 OSt
005 20221005083613.0
006 a|||||r|||| 00| 0
007 ta
008 221004b |||||||| |||| 00| 0 eng d
024 _a73923
037 _cTextual
040 _aCRL
_cCRL
_beng
041 _2eng
_aeng
082 _aV2.P, N8;1
100 _aAbdul Kalam A P J
_9102628
245 0 _aIndia 2020
260 _aNew Delhi
_bViking India
_c1998
300 _a312p.
_ccm.
650 _aHISTORY
700 _a Rajan Y S
942 _hV2.P, N8;1
_cTEXL
_2cc
999 _c991259
_d991259